00380nam a2200133Ia 450000500170000000800410001702000150005808200130007310000120008624500560009826000540015430000160020850000220022420250321023440.0240331s9999 xx 000 0 und d a9555990190 bIVAa891 aIvan, V 0aSri Lankawe nuthana karalikaruwange samaja pasubima aratamalanabSarvodaya Grande Prakashna sewac1990 aVi 226 p ., a1971 April riots